Ideas revolucionarias en la ciencia: su historia desde el Renacimiento hasta promediar el siglo XX

Guardat en:
Dades bibliogràfiques
Autor principal: Papp, Desiderio (autor)
Format: Llibre
Idioma:espanyol
Publicat: Santiago, Chile Universitaria 1975
Matèries:
Etiquetes: Afegir etiqueta
Sense etiquetes, Sigues el primer a etiquetar aquest registre!

MARC

LEADER 00000nam a2200000 a 4500
001 UCV7514
003 CL-VaPUC
005 20230306173316.0
008 880610e19750000CL |||||||||||||||||spa|d
999 |c 213175  |d 213173 
040 |c Pontificia Universidad Católica de Valparaíso 
082 0 4 |a 509 PAP 1975  |2 21 
100 |a Papp, Desiderio  |e autor  |9 535643 
245 1 0 |a Ideas revolucionarias en la ciencia:  |b  su historia desde el Renacimiento hasta promediar el siglo XX 
260 |a Santiago, Chile  |b Universitaria  |c 1975 
300 |a 3 volúmenes 
500 |a t.I c.9 / t.II c.8 / t. III c.6 Donación Familia Prof. Alejandro Guzmán Brito. 
505 |a v.1: La ciencia clásica de Leonardo a Volta. v.2: La edad de las grandes síntesis. El siglo XIX. v.3: Grandes corrientes de la ciencia contemporánea. 
583 |a last modification  |c 19880610 00:00:00  |k Rodrigo Vera 
600 0 7 |a Paracelso  |2 CL-VaPUC  |9 264971 
600 0 7 |a Copérnico  |2 CL-VaPUC  |9 264972 
600 0 |a Galilei, Galileo  |9 264973 
600 0 |a Darwin,Charles  |9 398 
600 0 7 |a Pasteur, Louis  |2 CL-VaPUC  |9 264974 
650 0 |a Historia de las ciencias   |9 264975 
942 |c BK  |2 ddc  |n 0 
945 |d 19880610 00:00:00  |a rbrito 
952 |0 0  |1 0  |2 ddc  |4 0  |6 509_000000000000000_PAP_1975  |7 0  |8 P  |9 195271  |a BIBARQ  |b BIBARQ  |d 2019-11-14  |h v.1  |i 2633574  |o 509 PAP 1975  |p 2633574  |r 2025-01-20  |t 4  |w 2019-11-14  |y BK  |k ARQ 
952 |0 0  |1 0  |2 ddc  |4 0  |6 509_000000000000000_PAP_1975  |7 0  |8 P  |9 195272  |a BIBARQ  |b BIBARQ  |d 2019-11-14  |h v.2  |i 2633582  |o 509 PAP 1975  |p 2633582  |r 2025-01-20  |t 4  |w 2019-11-14  |y BK  |k ARQ 
952 |0 0  |1 0  |2 ddc  |4 0  |6 509_000000000000000_PAP_1975  |7 0  |8 P  |9 195273  |a BIBARQ  |b BIBARQ  |d 2019-11-14  |h v.3  |i 2633590  |o 509 PAP 1975  |p 2633590  |r 2025-01-20  |t 3  |w 2019-11-14  |y BK  |k ARQ 
952 |0 0  |1 0  |2 ddc  |4 0  |6 509_000000000000000_PAP_1975  |7 0  |8 P  |9 195275  |a BIBEDU  |b BIBEDU  |c BIBEDU_PB  |d 2019-11-14  |h v.1  |i 1500287  |o 509 PAP 1975  |p 1500287  |r 2024-01-25  |t 7  |w 2019-11-14  |y BK  |k EDU 
952 |0 0  |1 0  |2 ddc  |4 0  |6 509_000000000000000_PAP_1975  |7 0  |8 P  |9 195276  |a BIBEDU  |b BIBEDU  |c BIBEDU_PB  |d 2019-11-14  |h v.2  |i 1500295  |o 509 PAP 1975  |p 1500295  |r 2024-01-25  |t 6  |w 2019-11-14  |y BK  |k EDU 
952 |0 0  |1 0  |2 ddc  |4 0  |6 509_000000000000000_PAP_1975  |7 0  |8 P  |9 195277  |a BIBEDU  |b BIBEDU  |c BIBEDU_PB  |d 2019-11-14  |h v.1  |i 1586041  |l 1  |o 509 PAP 1975  |p 1586041  |r 2024-01-25  |s 2023-11-24  |t 8  |w 2019-11-14  |y BK  |k FIL 
952 |0 0  |1 0  |2 ddc  |4 0  |6 509_000000000000000_PAP_1975  |7 0  |8 P  |9 195278  |a BIBEDU  |b BIBEDU  |c BIBEDU_PB  |d 2019-11-14  |h v.2  |i 158605K  |o 509 PAP 1975  |p 158605K  |r 2024-01-25  |t 7  |w 2019-11-14  |y BK  |k FIL 
952 |0 0  |1 0  |2 ddc  |4 0  |6 509_000000000000000_PAP_1975  |7 0  |8 P  |9 195279  |a BIBEDU  |b BIBEDU  |c BIBEDU_PB  |d 2019-11-14  |h v.3  |i 1586068  |o 509 PAP 1975  |p 1586068  |r 2024-01-25  |t 5  |w 2019-11-14  |y BK  |k FIL 
952 |0 0  |1 0  |2 ddc  |4 0  |6 509_000000000000000_PAP_1975  |7 0  |8 A  |9 195282  |a BIBART  |b BIBART  |d 2019-11-14  |h v.1  |i 1204726  |o 509 PAP 1975  |p 1204726  |r 2025-03-13  |t 5  |w 2019-11-14  |y BK  |k ART 
952 |0 0  |1 0  |2 ddc  |4 0  |6 509_000000000000000_PAP_1975  |7 0  |8 A  |9 195283  |a BIBART  |b BIBART  |d 2019-11-14  |h v.2  |i 1204734  |o 509 PAP 1975  |p 1204734  |r 2025-03-13  |t 5  |w 2019-11-14  |y BK  |k ART 
952 |0 0  |1 0  |2 ddc  |4 0  |6 509_000000000000000_PAP_1975  |7 0  |8 A  |9 195284  |a BIBART  |b BIBART  |d 2019-11-14  |h v.3  |i 1204742  |o 509 PAP 1975  |p 1204742  |r 2025-03-13  |t 4  |w 2019-11-14  |y BK  |k ART 
952 |0 0  |1 0  |2 ddc  |4 0  |6 509_000000000000000_PAP_1975  |7 0  |8 A  |9 195285  |a BIBCUR  |b BIBCUR  |d 2019-11-14  |h v.1  |i 4528662  |l 3  |m 5  |o 509 PAP 1975  |p 4528662  |r 2025-04-22  |s 2024-03-14  |t 2  |w 2019-11-14  |y BK  |k FIS 
952 |0 0  |1 0  |2 ddc  |4 0  |6 509_000000000000000_PAP_1975  |7 0  |8 A  |9 195289  |a BIBCUR  |b BIBCUR  |d 2019-11-14  |h v.2  |i 1788671  |o 509 PAP 1975  |p 1788671  |r 2025-04-22  |t 3  |w 2019-11-14  |y BK  |k QUI 
952 |0 0  |1 0  |2 ddc  |4 0  |6 509_000000000000000_PAP_1975  |7 1  |8 C_AGB  |9 583344  |a BIBDER  |b BIBDER  |d 2022-06-01  |e Donación   |h t.I  |i 5651477  |o 509 PAP 1975  |p 5651477  |r 2023-01-25  |t 9  |w 2022-06-01  |y BK_US  |k AGB 
952 |0 0  |1 0  |2 ddc  |4 0  |6 509_000000000000000_PAP_1975  |7 1  |8 C_AGB  |9 583345  |a BIBDER  |b BIBDER  |d 2022-06-01  |e Donación   |h t.II  |i 5651478  |o 509 PAP 1975  |p 5651478  |r 2023-01-25  |t 8  |w 2022-06-01  |y BK_US  |k AGB 
952 |0 0  |1 0  |2 ddc  |4 0  |6 509_000000000000000_PAP_1975  |7 1  |8 C_AGB  |9 583346  |a BIBDER  |b BIBDER  |d 2022-06-01  |e Donación   |h t.III  |i 5651479  |o 509 PAP 1975  |p 5651479  |r 2023-01-25  |t 6  |w 2022-06-01  |y BK_US  |k AGB